<?xml version="1.0" encoding="UTF-8"?>
<record
    xmlns:xsi="http://www.w3.org/2001/XMLSchema-instance"
    xsi:schemaLocation="http://www.loc.gov/MARC21/slim http://www.loc.gov/standards/marcxml/schema/MARC21slim.xsd"
    xmlns="http://www.loc.gov/MARC21/slim">

  <leader>03821cam a2200289 a 4500</leader>
  <controlfield tag="005">20171024103924.0</controlfield>
  <controlfield tag="008">101223s2011    enkabd  rb    001 0 eng  </controlfield>
  <datafield tag="020" ind1=" " ind2=" ">
    <subfield code="a">9781849711470</subfield>
  </datafield>
  <datafield tag="040" ind1=" " ind2=" ">
    <subfield code="a">DLC</subfield>
    <subfield code="c">DLC</subfield>
    <subfield code="d">YDX</subfield>
    <subfield code="d">BTCTA</subfield>
    <subfield code="d">YDXCP</subfield>
    <subfield code="d">UKMGB</subfield>
    <subfield code="d">AGL</subfield>
    <subfield code="d">CDX</subfield>
    <subfield code="d">SOI</subfield>
    <subfield code="d">CO-BoIAVH</subfield>
  </datafield>
  <datafield tag="041" ind1="0" ind2=" ">
    <subfield code="a">eng</subfield>
  </datafield>
  <datafield tag="044" ind1=" " ind2=" ">
    <subfield code="a">enk</subfield>
  </datafield>
  <datafield tag="082" ind1="0" ind2="0">
    <subfield code="a">630.2086</subfield>
    <subfield code="b">E19s</subfield>
  </datafield>
  <datafield tag="245" ind1="0" ind2="0">
    <subfield code="a">Ecosystem services from agriculture and agroforestry :</subfield>
    <subfield code="b">measurement and payment /</subfield>
    <subfield code="c">editado por Bruno Rapidel [y otros 3]</subfield>
  </datafield>
  <datafield tag="260" ind1=" " ind2=" ">
    <subfield code="a">Londres (Reino Unido) ;</subfield>
    <subfield code="a">Washington, DC (EE.UU.) : </subfield>
    <subfield code="b">Earthscan,</subfield>
    <subfield code="c">2011.</subfield>
  </datafield>
  <datafield tag="300" ind1=" " ind2=" ">
    <subfield code="a">xxxiv, 414 p&#xE1;ginas :</subfield>
    <subfield code="b">ilustraciones, mapas, gr&#xE1;ficas y tablas ;</subfield>
    <subfield code="c">24 x 16 cm.</subfield>
  </datafield>
  <datafield tag="504" ind1=" " ind2=" ">
    <subfield code="a">Incluye referencias bibliogr&#xE1;ficas e &#xED;ndice.</subfield>
  </datafield>
  <datafield tag="505" ind1="0" ind2=" ">
    <subfield code="a">Principles and methods for assessing climate change mitigation as an ecosystem service in agroecosystems / Kristell Hergoualc'h -- Quantifying services and identifying watershed priority areas for soil and water conservation programmes / Miguel Marchamalo ... [et al.] -- Measuring biodiversity / Fabrice A.J. DeClerck and Alejandra Mart&#xED;nez Salinas -- Ecological mechanisms for pest and disease control in coffee and cacao agroecosystems of the neotropics / Jacques Avelino, G. Martijn ten Hoopen, and Fabrice A. J. DeClerck -- Services from plant-pollinator interactions in the neotropics / Lucas Alejandro Garibaldi ... [et al.] -- Ecological indexing as a tool for the payment for ecosystem services in agricultural landscapes: the experience of the GEF-silvopastoral project in Costa Rica, Nicaragua and Colombia / Crist&#xF3;bal Villanueva ... [et al.] -- Estimating the cost and benefits of supplying hydrological ecosystem services: an application for small-scale rural drinking water organizations / R&#xF3;ger Madrigal-Ballestero -- Developing a business plan for forestry and other land use-based carbon projects / Colin Moore and Till Neeff -- A functional anatomy of the project-based carbon markets / Till Neeff and Jan Fehse -- The value of biodiversity in agricultural landscapes / Fabrice A. J. DeClerck and Jean-Fran&#xE7;ois Le Coq -- PES and eco-label: a comparative analysis of their limits and opportunities to foster environmental services provision / Jean-Fran&#xE7;ois Le Coq, Gabriela Soto, and Cliserio Gonz&#xE1;lez Hern&#xE1;ndez -- Leveraging and sustainability of PES: lessons learned in Costa Rica / Rodrigo Murillo, Bernard Kilian, and Ren&#xE9; Castro -- The Mexican PES programme: targeting for higher efficiency in environmental protection and poverty alleviation / Jos&#xE9; Eduardo Rol&#xF3;n S&#xE1;nchez, Ina Salas Boucher, and Iv&#xE1;n Islas Cort&#xE9;s -- Assessing the impact of institutional design of payments for environmental services: the Costa Rican experience / Juan Robalino, Alexander Pfaff, and Laura Villalobos -- Certification process in the coffee value chain: achievements and limits to foster provision of environmental services / Gabriela Soto and Jean-Fran&#xE7;ois Le Coq -- Securing the continuous supply of drinking water in a territory requires concerted actions and integrating intervention strategies: a case study in Cop&#xE1;n Ruinas, Honduras / Cornelis Prins and Josu&#xE9; Le&#xF3;n -- Payment for environmental services: perfecting an imperfect market by building up environmental solutions / Carlos Manuel Rodr&#xED;guez -- Measurement and payment of ecosystem services from agriculture and agroforestry: new insights from the neotropics / Bruno Rapidel ... [et al.].</subfield>
  </datafield>
  <datafield tag="650" ind1="2" ind2="6">
    <subfield code="a">Agricultura</subfield>
    <subfield code="x">Aspectos ambientales</subfield>
  </datafield>
  <datafield tag="650" ind1="2" ind2="6">
    <subfield code="a">Agroforester&#xED;a</subfield>
    <subfield code="x">Aspectos ambientales</subfield>
  </datafield>
  <datafield tag="650" ind1="2" ind2="6">
    <subfield code="a">Agricultura</subfield>
    <subfield code="x">Ecolog&#xED;a</subfield>
  </datafield>
  <datafield tag="650" ind1="2" ind2="6">
    <subfield code="a">Servicios de los ecosistemas</subfield>
  </datafield>
  <datafield tag="700" ind1="1" ind2=" ">
    <subfield code="a">Rapidel, Bruno</subfield>
    <subfield code="e">editor</subfield>
  </datafield>
  <datafield tag="700" ind1="1" ind2=" ">
    <subfield code="a">DeClerk, Fabrice</subfield>
    <subfield code="e">editor</subfield>
  </datafield>
  <datafield tag="700" ind1="1" ind2=" ">
    <subfield code="a">Le Coq, Jean-Fran&#xE7;ois</subfield>
    <subfield code="e">editor</subfield>
  </datafield>
  <datafield tag="700" ind1="1" ind2=" ">
    <subfield code="a">Beer, John</subfield>
    <subfield code="e">editor</subfield>
  </datafield>
  <datafield tag="942" ind1=" " ind2=" ">
    <subfield code="2">ddc</subfield>
    <subfield code="c">LIBRO</subfield>
  </datafield>
  <datafield tag="999" ind1=" " ind2=" ">
    <subfield code="c">19936</subfield>
    <subfield code="d">19936</subfield>
  </datafield>
  <datafield tag="952" ind1=" " ind2=" ">
    <subfield code="0">0</subfield>
    <subfield code="1">0</subfield>
    <subfield code="2">ddc</subfield>
    <subfield code="4">0</subfield>
    <subfield code="7">0</subfield>
    <subfield code="8">GENERAL</subfield>
    <subfield code="I">INV2017</subfield>
    <subfield code="a">Bogota</subfield>
    <subfield code="b">Bogota</subfield>
    <subfield code="d">2017-10-24</subfield>
    <subfield code="e">Instituto</subfield>
    <subfield code="g">39000.00</subfield>
    <subfield code="l">0</subfield>
    <subfield code="o">LB-630.2086 E19s</subfield>
    <subfield code="p">041774</subfield>
    <subfield code="r">2017-10-24 00:00:00</subfield>
    <subfield code="t">Ej. 1</subfield>
    <subfield code="w">2017-10-24</subfield>
    <subfield code="x">Compra</subfield>
    <subfield code="y">LIBRO</subfield>
  </datafield>
</record>
